000 00356nam a2200121Ia 4500
008 220615s9999||||xx |||||||||||||| ||und||
245 0 _aNeutron Diffraction
546 _aEnglish[eng]
650 _aSolid state chemistry
700 _aKhidirov, Irisali
856 _uhttps://mts.intechopen.com/storage/books/1772/authors_book/authors_book.pdf
942 _cEB
999 _c17380
_d17380